000 00557nam a2200169Ia 4500
003 GCL
008 140319s9999 xx 000 0 ara d
040 _aGCL /
_cGCL
082 0 4 _a621.462
_bم م
100 1 _aمحمد ناصيف
245 1 0 _aالمحركات الكهربائية (اسئلة واجوبة) /
_cمحمد ناصيف
260 _a[S.N] :
_bدار الكتاب العربى ،
_c1989
300 _a166 ص
490 _aالسلسلة العلمية المبسطة
_v0
650 0 4 _aالمحركات الكهربائية
942 _2ddc
_cBK
999 _c53476
_d53476